000 00729nam a2200241Ia 4500
005 20250508164752.0
008 008 250505s9999 xx 000 0 eng d
020 _a978-1-4129-1786-5
037 _aTextual
040 _aFEDL
_beng
_cFEDL
041 _aeng
_2eng
084 _a371.9, PIE
_qFEDL
100 _aPierangelo Roger
245 0 _aUnderstanding, developing, and writing effective IEPs
260 _aCalifornia, USA
_bCorwin Press
_c2007
300 _axii,158p.
365 _aUSD
_b28.95
490 _aA step-by-step guide for educators
546 _aIEPs - Individualized education programmes
700 _a Giuliani George
_9779120
942 _cTEXL
_h371.9, PIE
999 _c1391023
_d1391023